000 00552nam a22001937a 4500
005 20170124110159.0
010 _aA-682091
020 _c00.00
035 _aA-682091
037 _bCen Lib/Ret
040 _aDPL
_bEN
082 _a109
_bPHI
245 _aPhilosophy through its past /
_cedited by Ted Honderich
260 _aNew Delhi
_bA.P.H. Publishing Corporation
_c1992
270 _bNew Delhi
_a5, Ansari road, Daryaganj
_e110002
300 _a534p.
_c19cm(Hb)
650 _aPsychology
_9101671
942 _2ddc
_cEN
_h109
_mPHI
999 _c132752
_d132752